Foundations of Geography : (Record no. 4452)
[ view plain ]
| 000 -LEADER | |
|---|---|
| fixed length control field | 00698nam a2200253 a 4500 |
| 001 - CONTROL NUMBER | |
| JCCL Control Number | 4452 |
| 003 - CONTROL NUMBER IDENTIFIER | |
| JCCL marc code | BD-JhCC |
| 005 - DATE AND TIME OF LATEST TRANSACTION | |
| control field | 20171129101300.0 |
| 008 - FIXED-LENGTH DATA ELEMENTS--GENERAL INFORMATION | |
| fixed length control field | 171127r19651966enka|||| |||| 001 0 eng d |
| 035 ## - SYSTEM CONTROL NUMBER | |
| system control number | (BD-JhCC)4452 |
| 040 ## - CATALOGING SOURCE | |
| Original cataloging agency | BD-JhCC |
| Modifying agency | BD-JhCC |
| 041 ## - LANGUAGE CODE | |
| Language code of Book | eng |
| 082 ## - DEWEY DECIMAL CLASSIFICATION NUMBER | |
| Classification number | 910 |
| Author mark and Year | PRE 1966 |
| 100 ## - MAIN ENTRY--PERSONAL NAME | |
| Personal name | Preece, M. |
| 245 ## - TITLE STATEMENT | |
| Title | Foundations of Geography : |
| Remainder of title | Book I / |
| Statement of responsibility, etc | M. Preece & H. R. B. Wood |
| 260 ## - PUBLICATION, DISTRIBUTION, ETC. (IMPRINT) | |
| Place of publication, distribution, etc | London : |
| Name of publisher, distributor, etc | University Tutorial Press Ltd., |
| Date of publication, distribution, etc | 1965 [Reprinted 1966]. |
| 300 ## - PHYSICAL DESCRIPTION | |
| Pagination | viii, 347 p. : |
| Other physical details | illus., |
| Dimensions | 19 cm. |
| 490 ## - SERIES STATEMENT | |
| Series statement | Modern Geography Series |
| 500 ## - GENERAL NOTE | |
| General note | Includes Index. |
| 650 ## - SUBJECT ADDED ENTRY--TOPICAL TERM | |
| Topical term or geographic name as entry element | Geography |
| 700 ## - ADDED ENTRY--PERSONAL NAME | |
| Personal name | Wood, H. R. B. |
| 942 ## - ADDED ENTRY ELEMENTS (KOHA) | |
| Source of classification or shelving scheme | Dewey Decimal Classification |
| Koha item type | Books |
| Source of classification or shelving scheme | volume number | Damaged status | Not for loan | Home library | Current library | Shelving location | Date of accession | Total Checkouts | Full call number | Barcode | Date last seen | Date checked out | Copy number | Koha item type |
|---|---|---|---|---|---|---|---|---|---|---|---|---|---|---|
| Dewey Decimal Classification | V-1 | JCC Rouf Library | JCC Rouf Library | General Stacks | 11/27/2017 | 1 | 910 PRE 1966 | 6342 | 05/27/2024 | 07/19/2023 | C- 1 | Books |